000 00394nam a2200145 a 4500
005 20140310183323.0
008 060309s19uu xx 00 eng d
050 _aPZ 4
_b.C133 1972
100 _aCaidin, Martin
245 _aCyborg /
_ca novel by Martin Caidin.
260 _aNew York :
_bWarner Paperback Library,
_c1972.
300 _a318 p. :
_c17 cm.
942 _cBK
_2lcc
999 _c21452
_d21452